Sistemática de nuestro tiempo: hechos, problemas y orientaciones (Registro nro. 11267)

Detalles MARC
000 -CABECERA
Campo de control 004150000a22001450004500
090 ## - CLASIFICACIÓN LOCAL
Colección AR
Consecutivo 02195
041 0# - IDIOMA
Código de idioma para texto/pista de sonido o título separado
100 1# - ASIENTO PRINCIPAL--NOMBRE PERSONAL
Nombre personal Crisci V., Jorge
245 10 - MENCION DE TITULO
Título Sistemática de nuestro tiempo: hechos, problemas y orientaciones
650 14 - ASIENTO SECUNDARIO DE MATERIA - TERMINO TEMATICO
Término temático o nombre geográfico como elemento de entrada Sistemática
650 14 - ASIENTO SECUNDARIO DE MATERIA - TERMINO TEMATICO
Término temático o nombre geográfico como elemento de entrada Biología
650 14 - ASIENTO SECUNDARIO DE MATERIA - TERMINO TEMATICO
Término temático o nombre geográfico como elemento de entrada Cladística
773 1# - Item fuente:
Título Bol. Soc. Bot. México
Especificación de materiales 1189
Paginas del Articulo 21-32
Lugar, editorial y fecha de publicación 1998
Información sobre la relación 63
942 ## - ELEMENTOS ADICIONALES (KOHA)
Tipo de ítem Artículo
Existencias
Withdrawn status Lost status Sistema de Clasificación Damaged status No para préstamo Colección Ubicación Permanente Ubicación actual Fecha de adquisición Fuente de Valor Datos de publicación Seriada Total Checkouts Número topográfico Inventario / Código de Barras Date last seen Ejemplar Price effective from Tipo de material
    Dewey Decimal Classification   No para Préstamo Hemeroteca Villa de Leyva Villa de Leyva 27/02/2015 Academia Colombiana de Ciencias Exactas, Físicas y Naturales Fuera de circulación   AR 02195 012581 25/03/2015 1 25/03/2015 Artículo